A hazai Duna menti kerékpárosbarát szolgáltatások fejlesztési lehetőségei
| Main Author: | |
|---|---|
| Other Authors: | |
| Format: | Thesis |
| Kulcsszavak: | Duna EuroVelo6 kerékpározás minőségfejlesztés turizmus |
| Online Access: | http://dolgozattar.uni-bge.hu/59466 |
MARC
| LEADER | 00000nta a2200000 i 4500 | ||
|---|---|---|---|
| 001 | dolg59466 | ||
| 005 | 20260409145111.0 | ||
| 008 | 260409suuuu hu om 000 hun d | ||
| 040 | |a BGE Dolgozattár Repozitórium |b hun | ||
| 041 | |a hu | ||
| 100 | 1 | |a Burics Bettina | |
| 245 | 1 | 2 | |a A hazai Duna menti kerékpárosbarát szolgáltatások fejlesztési lehetőségei |c Burics Bettina |h [elektronikus dokumentum] |
| 520 | 3 | |a A szakdolgozat során a magyar Duna menti kerékpárosbarát szolgáltatások fejlesztési lehetőségeire kerestem javaslatokat. Szakirodalmi források segítségével megismerkedtem többek között a kerékpáros turizmus jellemzőivel és hazai lehetőségeivel. Egy fókuszcsoportos szakértői interjú keretein belül hazai szakemberekkel beszélgettem a kerékpáros turizmus, és kifejezetten a magyar EuroVelo6 útvonal népszerűségéről. Megismerkedtem az Országos Kerékpárosbarát Szolgáltatói Hálózattal, kritériumrendszerével és a vele kapcsolatos jövőbeli tervekkel. Ezután készítettem egy kérdőíves kvantitatív kutatást is, melyben kerékpáros turisták vettek részt. Megvizsgáltam az általuk alkotott fogyasztói szegmenst, feltérképeztem az EuroVelo6 útvonallal kapcsolatos korábbi tapasztalataikat és jövőbeli terveiket. A kerékpárosbarát fogalom szakemberek és fogyasztók általi értelmezését is elemeztem összehasonlítás útján. | |
| 695 | |a Duna | ||
| 695 | |a EuroVelo6 | ||
| 695 | |a kerékpározás | ||
| 695 | |a minőségfejlesztés | ||
| 695 | |a turizmus | ||
| 700 | 1 | |a Barka Nikoletta |e ths | |
| 856 | 4 | 0 | |u http://dolgozattar.uni-bge.hu/59466/1/Burics_Bettina_MKT7I1_Szakdolgozat.pdf |z Dokumentum-elérés |
| 856 | 4 | 0 | |u http://dolgozattar.uni-bge.hu/59466/2/Burics%20Bettina_konzulens_Barka%20Nikoletta.pdf |z Dokumentum-elérés |
| 856 | 4 | 0 | |u http://dolgozattar.uni-bge.hu/59466/3/Burics%20Bettina_opponens_%C5%90ry%20Kinga.pdf |z Dokumentum-elérés |